AN HISTORICAL INTRODUCTION TO MODERN CIVIL LAW (Record no. 216262)

MARC details
000 -LEADER
fixed length control field 00478nam a22001577a 4500
008 - FIXED-LENGTH DATA ELEMENTS--GENERAL INFORMATION
fixed length control field 251124b |||||||| |||| 00| 0 eng d
020 ## - INTERNATIONAL STANDARD BOOK NUMBER
International Standard Book Number 0-7546-2100-6
100 ## - MAIN ENTRY--PERSONAL NAME
Personal name WATKIN, THOMAS GLYN
245 ## - TITLE STATEMENT
Title AN HISTORICAL INTRODUCTION TO MODERN CIVIL LAW
260 ## - PUBLICATION, DISTRIBUTION, ETC.
Place of publication, distribution, etc. ALDERSHOT
Name of publisher, distributor, etc. ASHGATE
Date of publication, distribution, etc. 1999
300 ## - PHYSICAL DESCRIPTION
Extent X, 498P.
500 ## - GENERAL NOTE
General note INCLUDES BIBLIOGRAPHICAL REFERENCES AND INDEX
650 ## - SUBJECT ADDED ENTRY
Topical term or geographic name entry element I. LAW-HISTORY II. LEGAL SYSTEMS-HISTORY
942 ## - ADDED ENTRY ELEMENTS (KOHA)
Source of classification or shelving scheme Library of Congress Classification
Koha item type Long Loan Book
Holdings
Withdrawn status Lost status Source of classification or shelving scheme Damaged status Not for loan Collection Home library Current library Date acquired Inventory number Total checkouts Full call number Barcode Date last seen Copy number Price effective from Koha item type
    Library of Congress Classification     Law Kisii University Library Kisii University Library 11/24/2025 110050   K 140 .W38 1999 000000001130 11/24/2025 2 11/24/2025 Long Loan Book
    Library of Congress Classification     Law Kisii University Library Kisii University Library 11/24/2025 110049   K 140 .W38 1999 000000001131 11/24/2025 1 11/24/2025 Long Loan Book